<?xml version="1.0" encoding="UTF-8"?><?xml-stylesheet type="text/xsl" href="static/style.xsl"?><OAI-PMH xmlns="http://www.openarchives.org/OAI/2.0/" xmlns:xsi="http://www.w3.org/2001/XMLSchema-instance" xsi:schemaLocation="http://www.openarchives.org/OAI/2.0/ http://www.openarchives.org/OAI/2.0/OAI-PMH.xsd"><responseDate>2026-06-07T23:48:05Z</responseDate><request verb="GetRecord" identifier="oai:docta.ucm.es:20.500.14352/59791" metadataPrefix="marc">https://docta.ucm.es/rest/oai/request</request><GetRecord><record><header><identifier>oai:docta.ucm.es:20.500.14352/59791</identifier><datestamp>2024-07-16T15:36:45Z</datestamp><setSpec>com_20.500.14352_14</setSpec><setSpec>col_20.500.14352_15</setSpec></header><metadata><record xmlns="http://www.loc.gov/MARC21/slim" xmlns:dcterms="http://purl.org/dc/terms/" xmlns:xsi="http://www.w3.org/2001/XMLSchema-instance" xmlns:doc="http://www.lyncode.com/xoai" xsi:schemaLocation="http://www.loc.gov/MARC21/slim http://www.loc.gov/standards/marcxml/schema/MARC21slim.xsd">
   <leader>00925njm 22002777a 4500</leader>
   <datafield ind2=" " ind1=" " tag="042">
      <subfield code="a">dc</subfield>
   </datafield>
   <datafield ind2=" " ind1=" " tag="720">
      <subfield code="a">Anguita Virella, Francisco</subfield>
      <subfield code="e">author</subfield>
   </datafield>
   <datafield ind2=" " ind1=" " tag="260">
      <subfield code="c">1988</subfield>
   </datafield>
   <datafield ind2=" " ind1=" " tag="520">
      <subfield code="a">Los materiales con los que el hombre construye sus ciudades sufren alteraciones debidas tanto a fenómenos naturales como a la propia actividad humana. Un proceso de observación no exhaustivo ha permitido detectar diversos fenómenos geológicos (algunos bien conocidos, como la meteorización urbana) a los que se han podido sumar otros más insólitos, análogos a los de descamación térmica, sedimentación, flujo glaciar, plegamiento, fracturación, inyección repetida de diques, formación de coladas volcánicas, fosilización e incluso algunos procesos térmicos y biológicos que suceden en las dorsales oceánicas. La eficacia pedagógica de estas observaciones es máxima si se pueden comparar con procesos naturales, para lo que se ha utilizado el montaje de dos diapositivas reducidas en un solo marco.</subfield>
   </datafield>
   <datafield ind1="8" ind2=" " tag="024">
      <subfield code="a">0214-6088</subfield>
   </datafield>
   <datafield ind1="8" ind2=" " tag="024">
      <subfield code="a">https://hdl.handle.net/20.500.14352/59791</subfield>
   </datafield>
   <datafield ind2="0" ind1="0" tag="245">
      <subfield code="a">Procesos geológicos en las ciudades: una escuela de observación</subfield>
   </datafield>
</record></metadata></record></GetRecord></OAI-PMH>